<?xml version="1.0" encoding="UTF-8"?>
<record
    xmlns:xsi="http://www.w3.org/2001/XMLSchema-instance"
    xsi:schemaLocation="http://www.loc.gov/MARC21/slim http://www.loc.gov/standards/marcxml/schema/MARC21slim.xsd"
    xmlns="http://www.loc.gov/MARC21/slim">

  <leader>     nam a22     7a 4500</leader>
  <datafield tag="999" ind1=" " ind2=" ">
    <subfield code="c">18353</subfield>
    <subfield code="d">18353</subfield>
  </datafield>
  <controlfield tag="008">161216b        xxu||||| |||| 00| 0 eng d</controlfield>
  <datafield tag="020" ind1=" " ind2=" ">
    <subfield code="a">9789966346698</subfield>
  </datafield>
  <datafield tag="050" ind1=" " ind2=" ">
    <subfield code="a">AFR PL 8704 .U24W33 2013</subfield>
  </datafield>
  <datafield tag="100" ind1=" " ind2=" ">
    <subfield code="a">Walubengo, Abraham Mendi</subfield>
  </datafield>
  <datafield tag="245" ind1=" " ind2=" ">
    <subfield code="a">Uchambuzi wa Kidagaa Kimemwozea/</subfield>
    <subfield code="c">Abraham Mendi Walubengo</subfield>
  </datafield>
  <datafield tag="250" ind1=" " ind2=" ">
    <subfield code="a">1st ed.</subfield>
  </datafield>
  <datafield tag="260" ind1=" " ind2=" ">
    <subfield code="a">Nairobi:</subfield>
    <subfield code="b">Moran Publishers,</subfield>
    <subfield code="c">2013</subfield>
  </datafield>
  <datafield tag="300" ind1=" " ind2=" ">
    <subfield code="a">vi, 73p. :</subfield>
    <subfield code="c">23 cm.</subfield>
  </datafield>
  <datafield tag="650" ind1=" " ind2=" ">
    <subfield code="a">Literature.</subfield>
    <subfield code="x">Swahili.</subfield>
    <subfield code="z">Kenya.</subfield>
  </datafield>
  <datafield tag="942" ind1=" " ind2=" ">
    <subfield code="2">lcc</subfield>
    <subfield code="c">AFRICANA</subfield>
    <subfield code="h">AFR PL 8704 .U24W33 2013</subfield>
    <subfield code="0">79</subfield>
  </datafield>
  <datafield tag="952" ind1=" " ind2=" ">
    <subfield code="0">0</subfield>
    <subfield code="1">0</subfield>
    <subfield code="2">lcc</subfield>
    <subfield code="4">0</subfield>
    <subfield code="7">0</subfield>
    <subfield code="a">MUC</subfield>
    <subfield code="b">MUC</subfield>
    <subfield code="c">AFR</subfield>
    <subfield code="d">2016-12-16</subfield>
    <subfield code="e">Donation(Rattansi)</subfield>
    <subfield code="l">33</subfield>
    <subfield code="o">AFR PL 8704 .U24W33 2013</subfield>
    <subfield code="p">29285</subfield>
    <subfield code="r">2020-02-22</subfield>
    <subfield code="s">2020-02-22</subfield>
    <subfield code="w">2016-12-16</subfield>
    <subfield code="y">AFRICANA</subfield>
  </datafield>
  <datafield tag="952" ind1=" " ind2=" ">
    <subfield code="0">0</subfield>
    <subfield code="1">0</subfield>
    <subfield code="2">lcc</subfield>
    <subfield code="4">0</subfield>
    <subfield code="7">0</subfield>
    <subfield code="a">MUC</subfield>
    <subfield code="b">MUC</subfield>
    <subfield code="c">AFR</subfield>
    <subfield code="d">2016-12-16</subfield>
    <subfield code="e">Donation(Rattansi)</subfield>
    <subfield code="l">51</subfield>
    <subfield code="o">AFR PL 8704 .U24W33 2013</subfield>
    <subfield code="p">29284</subfield>
    <subfield code="r">2025-11-27</subfield>
    <subfield code="s">2025-11-27</subfield>
    <subfield code="w">2016-12-16</subfield>
    <subfield code="y">AFRICANA</subfield>
  </datafield>
</record>
